000
00284nam a2200109 4500
008
160629b xxu||||| |||| 00| 0 eng d
100
_9
1372
_a
Ciovacco, J., et al
245
_a
Fish and Amphibians
260
_a
Mumbai
_b
Popular
_c
2004
300
_a
Fish and Amphibians
942
_2
ddc
_c
BK
999
_c
1130
_d
1130